<The> Security Sector Reform of the Fragile State as a Tool for Conflict Prevention
Koncepcia reformy bezpečnostného sektora. Nestabilný štát ako objekt SSR (Security Sector Reform). Prvky stabilného štátu a zdroje nestability štátu.
Salvato in:
| Autore principale: | |
|---|---|
| Altri autori: | |
| Natura: | Capitolo di libro |
| Lingua: | inglese |
| Soggetti: | |
| Tags: |
Nessun Tag, puoi essere il primo ad aggiungerne!!
|
MARC
| LEADER | 00000naa a2200000 4500 | ||
|---|---|---|---|
| 001 | 0279754 | ||
| 005 | 20211122122428.6 | ||
| 041 | 0 | |a eng | |
| 044 | |a SK | ||
| 245 | 1 | 0 | |a <The> Security Sector Reform of the Fragile State as a Tool for Conflict Prevention |c Jaroslav Kompan, Michal Hrnčiar |
| 520 | |a Koncepcia reformy bezpečnostného sektora. Nestabilný štát ako objekt SSR (Security Sector Reform). Prvky stabilného štátu a zdroje nestability štátu. | ||
| 610 | 2 | 0 | |a bezpečnosť |
| 610 | 2 | 0 | |a manažment krízový |
| 610 | 2 | 0 | |a reformy |
| 610 | 2 | 0 | |a štát |
| 610 | 2 | 0 | |a konflikty |
| 610 | 2 | 0 | |a prevencia |
| 610 | 2 | 0 | |a vláda |
| 610 | 2 | 0 | |a rozvoj hospodársky |
| 100 | 1 | |a Kompan, Jaroslav | |
| 700 | 1 | |a Hrnčiar, Michal | |